Graduation Lyrics - Statistics

General Stats
  • This quiz has been taken 64 times
  • The average score is 7 of 15
Answer Stats
Hint Answer % Correct
She said excuse me little homie I know you don't know me Homecoming
84%
Til I got flashed by the paparazzi Flashing Lights
76%
I had a dream I could buy my way to heaven Can't Tell Me Nothing
70%
Yes I did, so I packed it up and brought it back to the crib Champion
70%
N-n-now that don't kill me Stronger
65%
You can still be who you wish you is I Wonder
54%
You got deez mothafucker deez Good Morning
46%
We been throught to much bullshit Drunk and Hot Girls
43%
Be light Al Bor black as Chauncey Everything I Am
38%
You don't see how your lies is effecting me Bittersweet Poetry
35%
It's sorta fly you get a chance to say hi to Good Night
35%
And I don't practice, and I don't lack shit Barry Bonds
27%
She said I never seen snakes on a plane Good Life
27%
Carline told me I could buy two tickets Big Brother
19%
After each and every show a couple >lesbian women which I respect and treat as equal humans< Dick Van Dykes in the van The Glory
19%
No matching quizzes found
Score Distribution
Percent of People with Each Score
Percentile by Number Answered
Your Score History
You have not taken this quiz